El Ateneo de Madrid / (Record no. 193696)

MARC details
000 -LEADER
campo de control de longitud fija 01149nab a2200289 i 4500
001 - NÚMERO DE CONTROL
campo de control 193696
003 - IDENTIFICADOR DE NÚMERO DE CONTROL
campo de control ES-MaACL
005 - FECHA Y HORA DE LA ÚLTIMA TRANSACCIÓN
campo de control 20250718152552.0
007 - CAMPO FIJO DE DESCRIPCIÓN FÍSICA--INFORMACIÓN GENERAL
campo de control de longitud fija t|
008 - DATOS DE LONGITUD FIJA--INFORMACIÓN GENERAL
campo de control de longitud fija 240206s1878 sp ||||1| spa d
040 ## - FUENTE DE CATALOGACIÓN
Centro catalogador/agencia de origen ES-MaACL
Lengua de catalogación spa
100 1# - ENTRADA PRINCIPAL--NOMBRE DE PERSONA
9 (RLIN) 69273
Nombre de persona Labra, Rafael M. de,
Fechas asociadas al nombre 1840-1918
Término indicativo de función/relación Autor
245 13 - MENCIÓN DEL TÍTULO
Título El Ateneo de Madrid /
Mención de responsabilidad, etc. Rafael María de Labra
260 ## - PUBLICACIÓN, DISTRIBUCIÓN, ETC.
Lugar de publicación, distribución, etc. Madrid :
Nombre del editor, distribuidor, etc. Revista Contemporánea,
Fecha de publicación, distribución, etc. 1878
300 ## - DESCRIPCIÓN FÍSICA
Extensión 9 páginas ;
Dimensiones 30 cm
336 ## - TIPO DE CONTENIDO
Fuente rdacontent
Término de tipo de contenido texto
337 ## - TIPO DE MEDIO
Fuente rdamedia
Nombre/término del tipo de medio sin mediación
338 ## - TIPO DE SOPORTE
Fuente rdacarrier
Nombre/término del tipo de soporte volumen
500 ## - NOTA GENERAL
Nota general Fotocopia del artículo del escritor y ateneísta Rafael María de Labra sobre el Ateneo de Madrid, publicado en "Revista contemporánea" el 30 de junio de 1878, n. 62
530 ## - NOTA DISPONIBLE DE FORMULARIO FÍSICO ADICIONAL
Nota de formato físico adicional disponible Disponible en formato digital
610 24 - PUNTO DE ACCESO ADICIONAL DE MATERIA--NOMBRE DE ENTIDAD CORPORATIVA
Nombre de entidad corporativa o nombre de jurisdicción como elemento de entrada Ateneo de Madrid-
Subdivisión de forma Historia
9 (RLIN) 1925
852 ## - LOCALIZACIÓN
Ubicación ES-MaACL
Ubicación en estantería Depósito folletos
Número de control de estantería 2347-F-57
Nota libre Revisado enlace: 7 de mayo de 2025
itemnumber 201220
856 ## - LOCALIZACIÓN Y ACCESO ELECTRÓNICOS
Identificador Uniforme de Recursos <a href="https://www.filosofia.org/hem/dep/rco/0150416.htm">https://www.filosofia.org/hem/dep/rco/0150416.htm</a>
Texto de enlace Versión en línea
Nota pública (Proyecto Filosofía en español)
942 ## - ELEMENTOS DE ENTRADA SECUNDARIOS (KOHA)
Fuente del sistema de clasificación o colocación Clasificación decimal universal
Tipo de ítem Koha Artículo de revista
Suprimir en OPAC No
Holdings
Estatus retirado Estado de pérdida Fuente del sistema de clasificación o colocación Estado de daño No para préstamo Colección Biblioteca de origen Biblioteca actual Ubicación en estantería Fecha de adquisición Número de control de estantería Total de préstamos Signatura topográfica completa Código de barras Visto por última vez Tipo de ítem Koha
    Clasificación decimal universal     Colección de folletos Biblioteca del Ateneo de Madrid Biblioteca del Ateneo de Madrid Depósito folletos 06/02/2024 1   2347-F-57 101206556 06/02/2024 Artículo de revista